Objective General English (Record no. 10771)
[ view plain ]
| 000 -LEADER | |
|---|---|
| fixed length control field | 00519cam a2200205ua 4500 |
| 001 - CONTROL NUMBER | |
| control field | 11998 |
| 005 - DATE AND TIME OF LATEST TRANSACTION | |
| control field | 20260515114826.0 |
| 008 - FIXED-LENGTH DATA ELEMENTS--GENERAL INFORMATION | |
| fixed length control field | 200102n ii |||gr||||Z||||||eng |
| 020 ## - INTERNATIONAL STANDARD BOOK NUMBER | |
| International Standard Book Number | 9788121915311 |
| 040 ## - CATALOGING SOURCE | |
| Transcribing agency | MAIN |
| 082 ## - DEWEY DECIMAL CLASSIFICATION NUMBER | |
| Classification number | 050 |
| 100 ## - MAIN ENTRY--PERSONAL NAME | |
| Personal name | R.S Aggarwal, |
| Relator term | Author. |
| 245 ## - TITLE STATEMENT | |
| Title | Objective General English |
| Statement of responsibility, etc. | By R.S Aggarwal |
| 250 ## - EDITION STATEMENT | |
| Edition statement | 1st ed. |
| 260 ## - PUBLICATION, DISTRIBUTION, ETC. | |
| Place of publication, distribution, etc. | New Delhi: |
| Name of publisher, distributor, etc. | S.Chand & Company, |
| Date of publication, distribution, etc. | 1997. |
| 300 ## - PHYSICAL DESCRIPTION | |
| Extent | 652p. |
| 653 ## - INDEX TERM--UNCONTROLLED | |
| Uncontrolled term | General serial publications |
| 653 ## - INDEX TERM--UNCONTROLLED | |
| Uncontrolled term | English language |
| 942 ## - ADDED ENTRY ELEMENTS (KOHA) | |
| Koha item type | Books |
| Withdrawn status | Lost status | Damaged status | Not for loan | Home library | Current library | Shelving location | Date acquired | Total checkouts | Full call number | Barcode | Date last seen | Date last checked out | Copy number | Price effective from | Koha item type |
|---|---|---|---|---|---|---|---|---|---|---|---|---|---|---|---|
| Naharkatiya College Library | Naharkatiya College Library | General stacks | 09/19/2020 | 2 | 050Stalk | OBJ | 25457 | 08/04/2023 | 06/21/2023 | 1 | 09/19/2020 | Books |